banner-ar

دراسات لسجاجيد جورديز فى ضوء مجموعة متحف قصر المنيل / (Record no. 57679)

MARC details
000 -الفاتح
حقل البيانات ثابتة الطول 01037nam a2200277Ia 4500
008 - عناصر البيانات ثابتة الطول - معلومات عامة
حقل البيانات ثابتة الطول 140319s9999 xx 000 0 ara d
020 ## - الرقم الدولى المعيارى للكتب
الرقم الدولى المعيارى للكتاب 2639305977
040 ## - مصدر الفهرسة
وكالة الفهرسة الأصلية GCL /
وكالة النسخ GCL
082 04 - رقم تصنيف ديوى العشرى
رقم التصنيف 746.7561
رقم المادة ك د
100 1# - المدخل الرئيسى - إسم شخصى
الإسم الشخصى زاهى حواس
245 10 - بيان العنوان
العنوان دراسات لسجاجيد جورديز فى ضوء مجموعة متحف قصر المنيل /
بيان المسئوليه,etc زاهى حواس
700 1# - المدخل الاضافى - اسم شخصى
الإسم الشخصى كوثر ابو الفتوح
250 ## - بيان الطبعة
بيان الطبعة الاولى
260 ## - PUBLICATION, DISTRIBUTION, ETC. (IMPRINT)
تاريخ النشر أو التوزيع 2003
300 ## - الوصف المادى
التعداد 136 ص ؛
أبعاد الوعاء 30 سم
490 ## - بيان السلسلة
عنوان السلسلة سلسلة الثقافة الاثرية والتاريخية مشروع المائة كتاب
رقم المجلد/ التعيين التسلسلي 35
650 04 - المدخل الاضافى بالموضوع-مصطلح موضوعى
مصطلح موضوعي السجاجيد
650 04 - المدخل الاضافى بالموضوع-مصطلح موضوعى
مصطلح موضوعي اشغال النسيج
650 04 - المدخل الاضافى بالموضوع-مصطلح موضوعى
مصطلح موضوعي السجاجيد الاسلامية
650 04 - المدخل الاضافى بالموضوع-مصطلح موضوعى
مصطلح موضوعي متحف قصر المنيل
650 04 - المدخل الاضافى بالموضوع-مصطلح موضوعى
مصطلح موضوعي السجاجيد - صناعة وتجارة
650 04 - المدخل الاضافى بالموضوع-مصطلح موضوعى
مصطلح موضوعي السجاجيد التركية
650 04 - المدخل الاضافى بالموضوع-مصطلح موضوعى
مصطلح موضوعي السجاجيد اليدوية
942 ## - عناصر المدخل الإضافي( كوها)
مصدر التصنيف او مخطط الترفيف Dewey Decimal Classification
Koha [default] item type كتاب
260 ## - PUBLICATION, DISTRIBUTION, ETC. (IMPRINT)
-- القاهرة :
-- المجلس الاعلى للاثار ،
Holdings
حالة التراجع حالة الفقد حالة تلف ليس للاعارة المكان المؤقت الموقع الحالى تاريخ الاكتساب اجمالي اﻻعارات رقم الطلب الباركود تاريخ اخر مشاهدة تاريخ تفعيل السعر نوع وعاء كوها
        مكتبة القاهرة الكبرى مكتبة القاهرة الكبرى 03/26/2014   746.7561 \ ك د 147559 03/26/2014 03/26/2014 كتاب
        مكتبة القاهرة الكبرى مكتبة القاهرة الكبرى 03/26/2014   746.7561 \ ك د 147560 03/26/2014 03/26/2014 كتاب

Powered By

EGPV